| 000 | 00465nam a2200181Ia 4500 | ||
|---|---|---|---|
| 001 | 957 | ||
| 005 | 20260306140556.0 | ||
| 008 | 260306t2017||||xx |||||||||||||| ||spa|| | ||
| 041 | _aESP | ||
| 082 |
_a174.4 _bM86 |
||
| 100 |
_aMoreno Pérez, Carlos María _eAUT |
||
| 245 | 0 |
_aÉtica de la empresa: _b(de la ética, de la empresa y de la vida) |
|
| 260 | _c2017 | ||
| 300 |
_a143 páginas : _c22 cm. |
||
| 650 | _aGEN | ||
| 654 | _aCHU | ||
| 942 |
_cLIB _dJUS _fJUS _2ddc _n |
||
| 999 |
_c957 _d957 |
||